II-VI Semiconducting Compounds (Record no. 46158)

MARC details
000 -LEADER
fixed length control field 00493nam a2200133 a 4500
008 - FIXED-LENGTH DATA ELEMENTS--GENERAL INFORMATION
fixed length control field 120416s1967 ||||||||||||||||| || u
050 ## - LIBRARY OF CONGRESS CALL NUMBER
Classification number TK 7871.85 Sem
100 ## - MAIN ENTRY--PERSONAL NAME
Personal name Thomas, D.G
245 10 - TITLE STATEMENT
Title II-VI Semiconducting Compounds
Statement of responsibility, etc. edited by D.G.Thomas
260 ## - PUBLICATION, DISTRIBUTION, ETC.
Place of publication, distribution, etc. New York
Name of publisher, distributor, etc. W.A. Benjamin Inc
Date of publication, distribution, etc. 1967
300 ## - PHYSICAL DESCRIPTION
Extent xiv, 148p. : ill
350 ## - PRICE (NR) (BK AM CF MU VM SE) [OBSOLETE]
Price 0.00
995 ## - RECOMMENDATION 995 [LOCAL, UNIMARC FRANCE]
-- 0.00
-- CBU-MAIN LIBRARY (Kitwe)
-- 1
-- 4.00
-- DAMAGED
-- Main Library Open Access Collection
Holdings
Withdrawn status Lost status Source of classification or shelving scheme Damaged status Not for loan Home library Current library Shelving location Date acquired Total Checkouts Full call number Barcode Date last seen Price effective from Koha item type
          CBU-MAIN LIBRARY, KITWE. CBU-MAIN LIBRARY, KITWE.   11/30/2022   TK 7871.85 Sem 016457 11/30/2022 11/30/2022 MONOGRAPH